[Event "Dushanbe zt 3.4"]
[Site "Dushanbe"]
[Date "2015.06.08"]
[Round "5"]
[White "Nazarov , Daler"]
[Black "Karamshoev, Shafik"]
[Result "1-0"]
[WhiteElo "2020"]
[BlackElo "2062"]
[PlyCount "51"]
[EventDate "2015.06.04"]
[EventType "swiss"]
[EventRounds "9"]
[EventCountry "TJK"]
[SourceTitle "CBM 167 Extra"]
[Source "ChessBase"]
[SourceDate "2015.09.14"]
[SourceVersion "1"]
[SourceVersionDate "2015.09.14"]
[SourceQuality "1"]

1. e4 e5 2. d4 exd4 3. Qxd4 Nc6 4. Qe3 g6 5. Bd2 Bg7 6. Nc3 Nf6 7. f3 d6 8. 0-0-0 0-0 9. Bc4 a5 10. g4 Rb8 11. g5 Nh5 12. Nge2 Ne5 13. Bd3 Bd7 14. Ng3 Nxd3+ 15. Qxd3 Nxg3 16. hxg3 b5 17. Qe2 c6 18. Qh2 Re8 19. Qxh7+ Kf8 20. Bf4 Re6 21. Rxd6 Rb7 22. Rhd1 Qe7 23. Rxe6 fxe6 24. Bd6 Qxd6 25. Rxd6 Kf7 26. e5 1-0